00516nam a2200169Ia 450000500170000000800410001702000230005804000190008104100120010008200160011210000300012824500780015826000400023630000300027665000300030685000100033620240217103022.0131103s9999 xx 000 0 und d a8186778519cRs. 75 aLoreto College aEnglish a361.06bMAS aMascarenhas, Marie Mignon aCounselling teenagers to clebrate love and lifecMarie Mignon Mascarenhas aBangalorebI.J.A. Publicationc2004 avii,132 p.b ill., tables aCounselling - Life & Love aLCLIB